000
00291nam a22001337a 4500
008
170704b xxu||||| |||| 00| 0 eng d
020
_a
9780495915836
041
_a
eng
080
_2
4TH
_a
05
100
_a
22
101
_a
GJL
245
_a
THE COLLEGE WRITER
_c
VANDERMEY
942
_2
udc
_c
BK
999
_c
19909
_d
19909